000 00480nam a2200145Ia 4500
008 180921t xxu||||| ||||o00| 0 eng d
041 _aeng
080 _aVol.3 1910-1923
245 _aordinances Nos. : No.12 of 1913.An ordinance Further To Amend "The Small Towns Sanitary ordinance,1892."(Embodied In No.18 of 1892,Vol.2.,Pages.209,211,212 And 216.)
300 _ap.255, 23 cm
650 _aSmall Towns
942 _cBK
999 _c50968
_d50968
003 LK-CoDNM
040 _aLK-CoDNM
_dLK-CoDNM
_eLK-CoDNM